[Event "GBR-ch77"]
[Site "Eastbourne"]
[Date "1990.07.30"]
[Round "1.3"]
[White "Collinson, Adam"]
[Black "King, Daniel J"]
[Result "0-1"]
[WhiteElo "2315"]
[BlackElo "2560"]
[PlyCount "92"]
[EventDate "1990.07.30"]
[EventType "swiss"]
[EventRounds "11"]
[EventCountry "GBR"]
[SourceTitle "BritBase"]

1. e4 c5 2. Nf3 d6 3. d4 cxd4 4. Nxd4 Nf6 5. Nc3 a6 6. Be3 e5 7. Nf3 Qc7 8. a4
Be7 9. a5 O-O 10. Be2 Nbd7 11. Nd2 b5 12. axb6 Nxb6 13. O-O Bb7 14. Bxb6 Qxb6
15. Nc4 Qc7 16. Ne3 Rab8 17. Qd3 Rfc8 18. Rfd1 Bf8 19. Ra2 a5 20. Nc4 Ba6 21.
b3 Bxc4 22. Qxc4 Qb6 23. Qd3 Rxc3 24. Qxc3 Qxf2+ 25. Kxf2 Nxe4+ 26. Ke3 Nxc3
27. Rxa5 Nxd1+ 28. Bxd1 f5 29. Be2 Kf7 30. Bc4+ Kf6 31. Ra7 Be7 32. c3 g5 33.
b4 g4 34. Bd5 h5 35. Kd3 e4+ 36. Ke3 Bd8 37. Rh7 Ke5 38. Bb3 h4 39. Rf7 Bb6+
40. Ke2 Ra8 41. Kd2 Ra1 42. g3 Rh1 43. Re7+ Kf6 44. Re6+ Kg5 45. gxh4+ Kf4 46.
Rxd6 Be3+ 0-1

[Event "GBR-ch77"]
[Site "Eastbourne"]
[Date "1990.07.30"]
[Round "1.4"]
[White "Hodgson, Julian M"]
[Black "Lewis, Andrew P"]
[Result "1-0"]
[WhiteElo "2555"]
[BlackElo "2315"]
[PlyCount "93"]
[EventDate "1990.07.30"]
[EventType "swiss"]
[EventRounds "11"]
[EventCountry "GBR"]
[SourceTitle "BritBase"]

1. d4 Nf6 2. Nf3 g6 3. Nc3 d5 4. Bf4 Bg7 5. e3 O-O 6. Be2 b6 7. Ne5 Bb7 8. h4
Nfd7 9. h5 Nxe5 10. dxe5 Nc6 11. hxg6 hxg6 12. Qxd5 Na5 13. Qxd8 Raxd8 14. b4
Nc6 15. Bf3 e6 16. b5 Nxe5 17. Bxb7 Nc4 18. Rd1 Bxc3+ 19. Ke2 Nb2 20. Rxd8 Rxd8
21. e4 Nc4 22. Rh3 Bd2 23. Bh2 Bb4 24. Rd3 Rxd3 25. cxd3 Na5 26. Ba8 Bd6 27. e5
Bc5 28. Bg3 Kf8 29. Kf3 Ke8 30. Ke4 Kd7 31. d4 Be7 32. d5 Nc4 33. Bc6+ Kd8 34.
Bf4 Na5 35. d6 cxd6 36. exd6 Bf6 37. Kd3 e5 38. Bd2 Bh4 39. g3 Bf6 40. g4 Kc8
41. Bd5 Nb7 42. Bxb7+ Kxb7 43. Ke4 Kc8 44. g5 Bg7 45. Bc3 f6 46. gxf6 Bxf6 47.
f4 1-0

[Event "GBR-ch77"]
[Site "Eastbourne"]
[Date "1990.07.30"]
[Round "1.5"]
[White "Summerscale, Aaron"]
[Black "Suba, Mihai"]
[Result "1/2-1/2"]
[WhiteElo "2315"]
[BlackElo "2520"]
[PlyCount "101"]
[EventDate "1990.07.30"]
[EventType "swiss"]
[EventRounds "11"]
[EventCountry "GBR"]
[SourceTitle "BritBase"]

1. d4 Nf6 2. Nf3 e6 3. e3 b6 4. Bd3 Bb7 5. O-O Ne4 6. Nbd2 d5 7. Ne5 Bd6 8. Qf3
Bxe5 9. dxe5 Nc5 10. Bb5+ Bc6 11. Be2 Qg5 12. Qg3 Qxg3 13. hxg3 Nbd7 14. Nf3
Bb7 15. b3 Ba6 16. Bxa6 Nxa6 17. Bb2 c5 18. c3 Nab8 19. Rfe1 Nc6 20. e4 Nf8 21.
Rad1 Rd8 22. Rd2 dxe4 23. Rxd8+ Kxd8 24. Rxe4 Ng6 25. b4 Kc7 26. Kf1 Rd8 27.
Ke2 h6 28. bxc5 bxc5 29. Nd2 Ngxe5 30. c4 Kd6 31. Rxe5 Nxe5 32. Ne4+ Kc6 33.
Bxe5 f6 34. Bc3 Rb8 35. Nd2 h5 36. Ke3 Rh8 37. Ke2 h4 38. gxh4 Rxh4 39. g3 Rh1
40. Nf1 e5 41. g4 Rg1 42. Ng3 Rb1 43. Ne4 Rg1 44. g5 Rg4 45. Ke3 f5 46. Nd2 Kd6
47. Nf3 Re4+ 48. Kd3 g6 49. a4 Ke6 50. a5 a6 51. Be1 1/2-1/2

[Event "GBR-ch77"]
[Site "Eastbourne"]
[Date "1990.07.30"]
[Round "1.6"]
[White "Hebden, Mark"]
[Black "Muir, Andrew Joseph"]
[Result "1/2-1/2"]
[WhiteElo "2520"]
[BlackElo "2310"]
[PlyCount "66"]
[EventDate "1990.07.30"]
[EventType "swiss"]
[EventRounds "11"]
[EventCountry "GBR"]
[SourceTitle "BritBase"]

1. d4 d5 2. c4 e6 3. Nf3 Nf6 4. Bg5 dxc4 5. e4 b5 6. a4 c6 7. e5 h6 8. Bd2 Nd5
9. axb5 cxb5 10. b3 Nb6 11. bxc4 bxc4 12. Bxc4 Nxc4 13. Qa4+ Qd7 14. Qxc4 a5
15. Rxa5 Rxa5 16. Bxa5 Ba6 17. Qb3 Nc6 18. Bc3 Nb4 19. Na3 Nd3+ 20. Kd2 Nxf2
21. Qb8+ Qd8 22. Qxd8+ Kxd8 23. Ba5+ Kd7 24. Ra1 Be7 25. Nc2 Rc8 26. Bb4 Ne4+
27. Ke3 Rxc2 28. Rxa6 Bxb4 29. Kxe4 Rxg2 30. Ra7+ Ke8 31. Ra8+ Kd7 32. Ra7+ Ke8
33. Ra8+ Kd7 1/2-1/2

[Event "GBR-ch77"]
[Site "Eastbourne"]
[Date "1990.07.30"]
[Round "1.7"]
[White "Rahman, Tahmidur"]
[Black "Norwood, David"]
[Result "0-1"]
[WhiteElo "2310"]
[BlackElo "2515"]
[PlyCount "57"]
[EventDate "1990.07.30"]
[EventType "swiss"]
[EventRounds "11"]
[EventCountry "GBR"]
[SourceTitle "BritBase"]

1. d4 d6 2. e4 Nf6 3. f3 e5 4. Ne2 exd4 5. Nxd4 c5 6. Bb5+ Bd7 7. Bxd7+ Qxd7 8.
Nb3 d5 9. Bg5 dxe4 10. Bxf6 gxf6 11. fxe4 Qxd1+ 12. Kxd1 Nc6 13. c3 Rd8+ 14.
Ke2 Rg8 15. g3 h5 16. N1d2 Bh6 17. Raf1 Ke7 18. Rhg1 Na5 19. Rd1 Nxb3 20. Nxb3
Rxd1 21. Rxd1 b6 22. a4 Rg4 23. Kf3 f5 24. Re1 Ke6 25. h3 Rxe4 26. Rxe4+ fxe4+
27. Kxe4 f5+ 28. Kd3 Kd5 29. a5 0-1

[Event "GBR-ch77"]
[Site "Eastbourne"]
[Date "1990.07.30"]
[Round "1.8"]
[White "Mestel, A Jonathan"]
[Black "Giddins, Stephen"]
[Result "1-0"]
[WhiteElo "2505"]
[BlackElo "2305"]
[PlyCount "79"]
[EventDate "1990.07.30"]
[EventType "swiss"]
[EventRounds "11"]
[EventCountry "GBR"]
[SourceTitle "BritBase"]

1. c4 Nf6 2. g3 c6 3. b3 d5 4. Bb2 Bf5 5. Nf3 e6 6. d3 Be7 7. Nbd2 h6 8. Bg2
O-O 9. O-O Bh7 10. Qc2 a5 11. a3 Na6 12. Ne5 Rc8 13. Rfc1 Re8 14. Ndf3 Nc5 15.
Rab1 Nfd7 16. b4 Nxe5 17. Bxe5 axb4 18. axb4 Nd7 19. Ba1 Bf6 20. Qb3 Bxa1 21.
Rxa1 Ra8 22. Rxa8 Qxa8 23. Qb2 Qd8 24. Ra1 Qb6 25. Ra5 dxc4 26. dxc4 Rd8 27.
Nd2 Nf6 28. c5 Qc7 29. Ra1 b6 30. Nc4 Nd7 31. Ra6 Rb8 32. cxb6 Nxb6 33. Nxb6
Rxb6 34. Ra8+ Rb8 35. Rxb8+ Qxb8 36. Bxc6 Qb6 37. b5 Bf5 38. h4 f6 39. e3 Kh7
40. Qd4 1-0

[Event "GBR-ch77"]
[Site "Eastbourne"]
[Date "1990.07.30"]
[Round "1.9"]
[White "Hassabis, Demis"]
[Black "Watson, William N"]
[Result "0-1"]
[WhiteElo "2285"]
[BlackElo "2495"]
[PlyCount "64"]
[EventDate "1990.07.30"]
[EventType "swiss"]
[EventRounds "11"]
[EventCountry "GBR"]
[SourceTitle "BritBase"]

1. d4 Nf6 2. c4 g6 3. Nc3 Bg7 4. e4 d6 5. Be2 O-O 6. h4 h5 7. Bg5 Nc6 8. Nf3
Bg4 9. d5 Nb8 10. Nh2 Bxe2 11. Qxe2 Nbd7 12. Bxf6 Nxf6 13. f4 c6 14. e5 dxe5
15. fxe5 Nd7 16. e6 Ne5 17. O-O-O cxd5 18. Nxd5 Qa5 19. Kb1 fxe6 20. Nxe7+ Kf7
21. Nxg6 Kxg6 22. Qe4+ Kh6 23. Nf3 Nxf3 24. Qxe6+ Rf6 25. Qe3+ Kh7 26. gxf3
Qf5+ 27. Ka1 Qxf3 28. Qe7 Raf8 29. Rhg1 R8f7 30. Qc5 Rb6 31. Rb1 Bxb2+ 32. Rxb2
Qf1+ 0-1

[Event "GBR-ch77"]
[Site "Eastbourne"]
[Date "1990.07.30"]
[Round "1.12"]
[White "Flear, Glenn C"]
[Black "Bibby, Simon"]
[Result "0-1"]
[WhiteElo "2485"]
[BlackElo "2280"]
[PlyCount "64"]
[EventDate "1990.07.30"]
[EventType "swiss"]
[EventRounds "11"]
[EventCountry "GBR"]
[SourceTitle "BritBase"]

1. d4 Nf6 2. c4 g6 3. Nc3 Bg7 4. e4 d6 5. Be2 O-O 6. Nf3 e5 7. O-O Nc6 8. d5
Ne7 9. Nd2 a5 10. a3 Nd7 11. Rb1 f5 12. b4 Kh8 13. f3 Ng8 14. Na4 axb4 15. axb4
Ndf6 16. c5 Nh5 17. g3 Nhf6 18. b5 fxe4 19. fxe4 Bh3 20. Rf3 Bh6 21. Rb4 Ng4
22. Nf1 N8f6 23. Bxh6 Nxh6 24. Qc1 Nfg4 25. b6 cxb6 26. cxd6 Rxf3 27. Bxf3 Bxf1
28. Qxf1 Qg5 29. Bxg4 Nxg4 30. d7 Qe3+ 31. Kh1 Nf2+ 32. Kg2 Rf8 0-1

[Event "GBR-ch77"]
[Site "Eastbourne"]
[Date "1990.07.30"]
[Round "1.13"]
[White "Franklin, Chris"]
[Black "Sadler, Matthew D"]
[Result "0-1"]
[WhiteElo "2275"]
[BlackElo "2470"]
[PlyCount "60"]
[EventDate "1990.07.30"]
[EventType "swiss"]
[EventRounds "11"]
[EventCountry "GBR"]
[SourceTitle "BritBase"]

1. Nf3 d5 2. c4 dxc4 3. Na3 c5 4. Nxc4 Nc6 5. b3 e5 6. Bb2 f6 7. g3 Nge7 8. Bg2
Nf5 9. O-O Be7 10. Ne1 h5 11. f4 exf4 12. Rxf4 h4 13. g4 Nfd4 14. e3 Ne6 15.
Rf2 h3 16. Be4 Rh4 17. Bg6+ Kf8 18. Nd3 Ng5 19. Rf5 Bxf5 20. Bxf5 Bd6 21. Nxd6
Qxd6 22. Nf4 Ne7 23. d4 cxd4 24. a4 Kg8 25. Ba3 Qe5 26. Bxe7 Qxe3+ 27. Kh1 Qxf4
28. Qc2 Qf3+ 29. Kg1 Qe3+ 30. Qf2 Qxe7 0-1

[Event "GBR-ch77"]
[Site "Eastbourne"]
[Date "1990.07.30"]
[Round "1.14"]
[White "Murshed, Niaz"]
[Black "Lalic, Susan"]
[Result "1/2-1/2"]
[WhiteElo "2465"]
[BlackElo "2270"]
[PlyCount "64"]
[EventDate "1990.07.30"]
[EventType "swiss"]
[EventRounds "11"]
[EventCountry "GBR"]
[SourceTitle "BritBase"]

1. d4 Nf6 2. c3 d5 3. Bg5 Nbd7 4. Nd2 h6 5. Bh4 g6 6. e3 Bg7 7. f4 Nf8 8. Bd3
Bf5 9. Bxf5 gxf5 10. Qb3 b6 11. Ngf3 Ng6 12. Bxf6 Bxf6 13. Ne5 Nxe5 14. dxe5
Bg7 15. O-O-O e6 16. c4 c6 17. Kb1 O-O 18. h3 f6 19. cxd5 cxd5 20. exf6 Qxf6
21. Nf3 Qg6 22. Rhg1 Rac8 23. Qd3 Qg3 24. Nd4 Bxd4 25. exd4 Qxd3+ 26. Rxd3 h5
27. Rc1 Kf7 28. Rdc3 Rxc3 29. Rxc3 Kf6 30. h4 Rg8 31. g3 Ke7 32. b4 Kd7 1/2-1/2

[Event "GBR-ch77"]
[Site "Eastbourne"]
[Date "1990.07.30"]
[Round "1.15"]
[White "Cooper, Lawrence"]
[Black "Conquest, Stuart"]
[Result "0-1"]
[WhiteElo "2270"]
[BlackElo "2460"]
[PlyCount "82"]
[EventDate "1990.07.30"]
[EventType "swiss"]
[EventRounds "11"]
[EventCountry "GBR"]
[SourceTitle "BritBase"]

1. d4 Nf6 2. Nf3 g6 3. Nc3 d5 4. Bf4 Bg7 5. e3 O-O 6. Be2 Bg4 7. O-O Bxf3 8.
Bxf3 c6 9. Re1 Nbd7 10. e4 dxe4 11. Nxe4 Qb6 12. c3 a5 13. Nxf6+ Bxf6 14. Bg4
e6 15. Qc2 Rfd8 16. Rad1 a4 17. Bd6 Bg7 18. Rd3 Nf6 19. Bc5 Qc7 20. Bf3 h5 21.
b3 Rd7 22. bxa4 Qa5 23. Bd1 Nd5 24. Qd2 Kh7 25. c4 Qxd2 26. Rxd2 Nc3 27. Bb3
Nxa4 28. Bxa4 Rxa4 29. Rc2 Bxd4 30. Bxd4 Rxd4 31. Rec1 c5 32. g3 Rb4 33. h4 Kg7
34. Kg2 Kf6 35. Rc3 Ke5 36. R1c2 Rd1 37. Rf3 Kd4 38. Rxf7 Kd3 39. a3 Kxc2 40.
axb4 cxb4 41. Rxb7 b3 0-1

[Event "GBR-ch77"]
[Site "Eastbourne"]
[Date "1990.07.30"]
[Round "1.16"]
[White "Ward, Christopher R"]
[Black "Cullip, Stephen"]
[Result "0-1"]
[WhiteElo "2460"]
[BlackElo "2270"]
[PlyCount "132"]
[EventDate "1990.07.30"]
[EventType "swiss"]
[EventRounds "11"]
[EventCountry "GBR"]
[SourceTitle "BritBase"]

1. c4 e5 2. Nc3 Nf6 3. g3 Bb4 4. Bg2 O-O 5. Nf3 e4 6. Nd4 Re8 7. Qc2 Qe7 8. a3
Bxc3 9. Qxc3 d6 10. b3 c5 11. Nc2 Nc6 12. Bb2 Qf8 13. d4 Bd7 14. O-O Rac8 15.
d5 Ne5 16. f4 exf3 17. exf3 Re7 18. f4 Ng6 19. Qd3 Rce8 20. Bxf6 gxf6 21. Rfe1
Rxe1+ 22. Rxe1 Rxe1+ 23. Nxe1 Qe8 24. Nc2 b5 25. Ne3 bxc4 26. bxc4 Qb8 27. Qc2
Qb6 28. Qc3 Qb1+ 29. Bf1 Kg7 30. h4 h6 31. Kh2 Qa2+ 32. Kg1 Qb1 33. h5 Ne7 34.
Qd3 Qe1 35. Kg2 Qc1 36. Be2 Qe1 37. Bg4 Bxg4 38. Nxg4 Qc1 39. Ne3 Qb2+ 40. Kh3
Qf2 41. Qe4 Kf8 42. f5 Qe2 43. g4 Nc8 44. Kg3 Nb6 45. Qf3 Qd3 46. Qf4 Kg7 47.
Kf2 Qxa3 48. g5 hxg5 49. h6+ Kh7 50. Qe4 Qb2+ 51. Kf3 Qe5 52. Ng4 Qxe4+ 53.
Kxe4 Nxc4 54. Nxf6+ Kxh6 55. Ne8 Kh5 56. Kd3 Ne5+ 57. Ke3 a5 58. Nxd6 a4 59.
Nb5 Nc4+ 60. Kd3 Ne5+ 61. Ke4 f6 62. d6 g4 63. Kf4 Kh4 64. Na3 g3 65. Nc4 g2
66. Nxe5 fxe5+ 0-1

[Event "GBR-ch77"]
[Site "Eastbourne"]
[Date "1990.07.30"]
[Round "1.18"]
[White "Arkell, Keith C"]
[Black "Knox, David"]
[Result "1-0"]
[WhiteElo "2430"]
[BlackElo "2260"]
[PlyCount "77"]
[EventDate "1990.07.30"]
[EventType "swiss"]
[EventRounds "11"]
[EventCountry "GBR"]
[SourceTitle "BritBase"]

1. d4 Nf6 2. Nf3 g6 3. c4 d5 4. Nc3 Bg7 5. Bg5 Ne4 6. cxd5 Nxc3 7. bxc3 Qxd5 8.
Qb3 Qxb3 9. axb3 c5 10. e3 h6 11. Bf4 Nc6 12. Bb5 Bd7 13. O-O cxd4 14. cxd4 g5
15. Bg3 g4 16. Nd2 O-O 17. Ra3 Nxd4 18. Bxd7 Ne2+ 19. Kh1 Nxg3+ 20. hxg3 Rfd8
21. Nc4 Rxd7 22. Nb6 Rdd8 23. Nxa8 Rxa8 24. Rd1 a6 25. Rd7 b5 26. Rb7 Bc3 27.
Rxb5 Be1 28. Rf5 a5 29. Ra1 Bc3 30. Rc1 Bb2 31. Rc4 Rb8 32. Rxg4+ Bg7 33. Rxa5
Rxb3 34. Ra7 e6 35. Rf4 f5 36. Rc4 Rb8 37. Re7 e5 38. g4 Bf8 39. Rd7 1-0

[Event "GBR-ch77"]
[Site "Eastbourne"]
[Date "1990.07.30"]
[Round "1.19"]
[White "Bryce, Andrew"]
[Black "Emms, John M"]
[Result "0-1"]
[WhiteElo "2250"]
[BlackElo "2430"]
[PlyCount "54"]
[EventDate "1990.07.30"]
[EventType "swiss"]
[EventRounds "11"]
[EventCountry "GBR"]
[SourceTitle "BritBase"]

1. d4 Nf6 2. Nf3 b6 3. Bg5 Bb7 4. Nbd2 c5 5. e3 e6 6. c3 Be7 7. Bd3 O-O 8. Qb1
h6 9. h4 cxd4 10. cxd4 Nd5 11. Bxe7 Qxe7 12. O-O d6 13. Re1 Nd7 14. a3 f5 15.
e4 fxe4 16. Nxe4 Nf4 17. Bf1 Nf6 18. Ned2 Qf7 19. g3 Qh5 20. gxf4 Bxf3 21. Nxf3
Qxf3 22. Qg6 Ng4 23. Re2 Qxf4 24. Bg2 Qh2+ 25. Kf1 Qxh4 26. Qxe6+ Kh8 27. f3
Qg3 0-1

[Event "GBR-ch77"]
[Site "Eastbourne"]
[Date "1990.07.30"]
[Round "1.20"]
[White "Howell, James C"]
[Black "Kumaran, Dharshan"]
[Result "1/2-1/2"]
[WhiteElo "2415"]
[BlackElo "2245"]
[PlyCount "81"]
[EventDate "1990.07.30"]
[EventType "swiss"]
[EventRounds "11"]
[EventCountry "GBR"]
[SourceTitle "BritBase"]

1. e4 c6 2. d4 d5 3. Nd2 dxe4 4. Nxe4 Nd7 5. Nf3 Ngf6 6. Ng3 e6 7. Bd3 c5 8.
O-O cxd4 9. Nxd4 Bc5 10. c3 Bxd4 11. cxd4 O-O 12. Bg5 Qa5 13. h4 h6 14. Bf4 b6
15. Re1 Bb7 16. Be2 Qb4 17. Qd2 Qxd2 18. Bxd2 Rac8 19. Rac1 Nb8 20. Bf4 Nd5 21.
Be5 Nc6 22. Bf3 Rcd8 23. Ne2 Rd7 24. Red1 Rfd8 25. h5 Ndb4 26. Bg3 Nd5 27. Kf1
Nde7 28. Bh4 f6 29. Ke1 Kf7 30. Bg3 Nb4 31. Bxb7 Rxb7 32. Rc4 Nbd5 33. Bh2 Rbd7
34. Rdc1 Nf5 35. g4 Nfe7 36. f3 Ke8 37. Kf2 Kf7 38. a3 Ke8 39. Bg3 Kf7 40. R1c2
Ke8 41. Nc1 1/2-1/2

[Event "GBR-ch77"]
[Site "Eastbourne"]
[Date "1990.07.30"]
[Round "1.23"]
[White "Ansell, Simon"]
[Black "Wells, Peter K"]
[Result "0-1"]
[WhiteElo "2230"]
[BlackElo "2415"]
[PlyCount "82"]
[EventDate "1990.07.30"]
[EventType "swiss"]
[EventRounds "11"]
[EventCountry "GBR"]
[SourceTitle "BritBase"]

1. e4 e5 2. Nf3 Nc6 3. Bb5 a6 4. Ba4 Nf6 5. O-O Be7 6. Re1 b5 7. Bb3 d6 8. c3
O-O 9. d4 Bg4 10. d5 Na5 11. Bc2 c6 12. h3 Bxf3 13. Qxf3 cxd5 14. exd5 Nc4 15.
Nd2 Nb6 16. Nf1 Nbxd5 17. Ng3 Nc7 18. Nf5 Ne6 19. a4 b4 20. cxb4 g6 21. Nxe7+
Qxe7 22. Qd1 Rab8 23. Bd2 Nd4 24. Bd3 Nd5 25. Bxa6 Nxb4 26. Bc3 Nxa6 27. Bxd4
f6 28. Bc3 Rfd8 29. Qd5+ Qf7 30. Rad1 Nb4 31. Qxf7+ Kxf7 32. Re4 Na2 33. Rc4 d5
34. Rc7+ Ke6 35. Ba5 Rxb2 36. Rd2 Rxd2 37. Bxd2 d4 38. Rc2 Nc3 39. Kf1 Kd5 40.
Bxc3 Rc8 41. Ke2 dxc3 0-1

[Event "GBR-ch77"]
[Site "Eastbourne"]
[Date "1990.07.30"]
[Round "1.25"]
[White "Buckley, Graeme"]
[Black "Cooper, John Grantley"]
[Result "1-0"]
[WhiteElo "2225"]
[BlackElo "2390"]
[PlyCount "79"]
[EventDate "1990.07.30"]
[EventType "swiss"]
[EventRounds "11"]
[EventCountry "GBR"]
[SourceTitle "BritBase"]

1. d4 Nf6 2. c4 e6 3. Nc3 Bb4 4. e3 O-O 5. Bd3 d5 6. cxd5 exd5 7. Nge2 Re8 8.
O-O Bd6 9. a3 c5 10. dxc5 Bxc5 11. b4 Bd6 12. Bb2 Nc6 13. Rc1 d4 14. Nxd4 Nxd4
15. exd4 Bxh2+ 16. Kxh2 Ng4+ 17. Kg3 h5 18. Ne4 h4+ 19. Kf3 Nf6 20. Rxc8 Rxc8
21. Nxf6+ Qxf6+ 22. Kg4 g6 23. Qf3 Qe6+ 24. Kxh4 Qb3 25. Rb1 Rc2 26. Bb5 Qxf3
27. gxf3 Rec8 28. Kg3 Rd2 29. Ba1 Rcc2 30. Re1 f6 31. Ba4 Rc7 32. d5 Kg7 33.
Bb3 b5 34. Re6 Rf7 35. d6 Rd3 36. Bc2 Rxa3 37. Bd4 Ra2 38. Bb3 Ra3 39. Re3 Rd7
40. Re7+ 1-0

[Event "GBR-ch77"]
[Site "Eastbourne"]
[Date "1990.07.30"]
[Round "1.30"]
[White "Jackson, Sheila"]
[Black "Ravikumar, Vaidyanathan"]
[Result "0-1"]
[WhiteElo "2205"]
[BlackElo "2355"]
[PlyCount "158"]
[EventDate "1990.07.30"]
[EventType "swiss"]
[EventRounds "11"]
[EventCountry "GBR"]
[SourceTitle "BritBase"]

1. e4 c5 2. c3 b6 3. d4 Bb7 4. Bd3 e6 5. Nf3 Nf6 6. Nbd2 Be7 7. O-O O-O 8. Qe2
cxd4 9. cxd4 d5 10. e5 Nfd7 11. Re1 a5 12. b3 Ba6 13. a3 Qc8 14. Bb2 Bxd3 15.
Qxd3 Qa6 16. Qxa6 Nxa6 17. Rac1 Rfc8 18. Rxc8+ Rxc8 19. Rc1 Rxc1+ 20. Bxc1 b5
21. Nb1 b4 22. axb4 axb4 23. Bg5 f6 24. exf6 gxf6 25. Bf4 Nab8 26. Nbd2 Nc6 27.
Kf1 Kf7 28. Ke2 e5 29. Be3 Ke6 30. g4 Bd8 31. Kd1 Nf8 32. Bh6 Kf7 33. dxe5 fxe5
34. Bg5 Bb6 35. Be3 Bc7 36. Ng5+ Kg6 37. Ndf3 e4 38. Nh4+ Kf6 39. f3 Ne5 40.
fxe4 Nxg4 41. Bd2 Nf2+ 42. Ke2 Nxe4 43. Nxe4+ dxe4 44. Bxb4 Ne6 45. Ke3 Ng5 46.
Bc3+ Ke6 47. h3 Kd5 48. Nf5 Nxh3 49. Ne7+ Ke6 50. Nc6 Ng5 51. Nd4+ Kd5 52. Ne2
Ne6 53. Bf6 Bb6+ 54. Kd2 e3+ 55. Kd3 h5 56. Nc3+ Kc6 57. b4 Nf4+ 58. Kc2 Ng6
59. Kd3 h4 60. Ne2 h3 61. Ng3 h2 62. Bg5 Ne5+ 63. Ke2 Ng4 64. Kf3 Bc7 65. Nh1
Nf2 66. Kg2 Nxh1 67. Kxh1 e2 68. Bh4 Kb5 69. Be1 Bd6 70. Kg2 Bxb4 71. Bh4 Bd6
72. Be1 Kc4 73. Bh4 Kd3 74. Be1 Kc2 75. Bh4 Kd1 76. Bf2 Bb4 77. Bh4 Be1 78. Be7
Bg3 79. Bb4 Bf4 0-1

[Event "GBR-ch77"]
[Site "Eastbourne"]
[Date "1990.07.30"]
[Round "1.32"]
[White "Willmoth, Robert"]
[Black "McDonald, Neil R"]
[Result "0-1"]
[WhiteElo "2205"]
[BlackElo "2350"]
[PlyCount "77"]
[EventDate "1990.07.30"]
[EventType "swiss"]
[EventRounds "11"]
[EventCountry "GBR"]
[SourceTitle "BritBase"]

1. e4 e6 2. d4 d5 3. Nd2 Nf6 4. e5 Nfd7 5. Bd3 c5 6. c3 Nc6 7. Ne2 cxd4 8. cxd4
f6 9. exf6 Nxf6 10. Nf3 Bd6 11. O-O Qc7 12. Bg5 O-O 13. Rc1 Ng4 14. Ng3 g6 15.
Bb1 Qg7 16. Rc3 Bd7 17. a3 Rf7 18. h3 Nxf2 19. Kxf2 Nxd4 20. Kg1 Nb5 21. Ne2
Nxc3 22. Nxc3 Rc8 23. Re1 Rxc3 24. bxc3 Qxc3 25. Be3 Ba4 26. Qd4 Qxa3 27. Bd3
Qb4 28. Qxb4 Bxb4 29. Rb1 a5 30. Bb6 Re7 31. Ra1 Bc6 32. Ne5 Bc3 33. Nxc6 bxc6
34. Rc1 d4 35. Rc2 e5 36. Re2 a4 37. Bc5 Re8 38. Bd6 e4 39. Rxe4 0-1

[Event "GBR-ch77"]
[Site "Eastbourne"]
[Date "1990.07.31"]
[Round "2.2"]
[White "King, Daniel J"]
[Black "Basman, Michael J"]
[Result "1/2-1/2"]
[WhiteElo "2560"]
[BlackElo "2370"]
[PlyCount "100"]
[EventDate "1990.07.30"]
[EventType "swiss"]
[EventRounds "11"]
[EventCountry "GBR"]
[SourceTitle "BritBase"]

1. e4 h6 2. d4 a6 3. f4 b5 4. Nf3 Bb7 5. Bd3 e6 6. Qe2 c5 7. dxc5 Bxc5 8. Be3
Bxe3 9. Qxe3 Nf6 10. Nc3 b4 11. Na4 Nc6 12. O-O-O Qc7 13. Kb1 Na5 14. Nc5 d6
15. Nxb7 Nxb7 16. g4 Nc5 17. Qd4 Rc8 18. Rhg1 Ke7 19. Qxb4 Nxg4 20. Qd2 Nf6 21.
e5 dxe5 22. fxe5 Nfd7 23. Rxg7 Nxe5 24. Rf1 Rhf8 25. a3 Rb8 26. b4 Nxf3 27.
Rxf3 Qe5 28. Qxh6 Na4 29. Qg5+ Qxg5 30. Rxg5 f5 31. Bxa6 Kf6 32. Rh5 Rh8 33.
Rxh8 Rxh8 34. Bb5 Nb6 35. a4 Nd5 36. Rb3 e5 37. Bc6 Ne7 38. Bb7 Rb8 39. Bg2 e4
40. a5 Nc6 41. a6 Nd4 42. Rb2 Nb5 43. c4 Na3+ 44. Ka2 Nxc4 45. Rc2 Rxb4 46. a7
Ra4+ 47. Kb3 Rxa7 48. Rxc4 Rh7 49. Bxe4 fxe4 50. Rxe4 Rxh2 1/2-1/2

[Event "GBR-ch77"]
[Site "Eastbourne"]
[Date "1990.07.31"]
[Round "2.3"]
[White "Ravikumar, Vaidyanathan"]
[Black "Hodgson, Julian M"]
[Result "0-1"]
[WhiteElo "2355"]
[BlackElo "2555"]
[PlyCount "90"]
[EventDate "1990.07.30"]
[EventType "swiss"]
[EventRounds "11"]
[EventCountry "GBR"]
[SourceTitle "BritBase"]

1. d4 d6 2. Nf3 Bg4 3. Nbd2 Nf6 4. h3 Bh5 5. g4 Bg6 6. Nh4 Be4 7. Nxe4 Nxe4 8.
Bg2 d5 9. Nf3 e6 10. Nd2 Nxd2 11. Bxd2 c6 12. c3 Nd7 13. Bf4 Be7 14. e3 O-O 15.
Qe2 Re8 16. Bh2 Bf6 17. O-O-O a5 18. Kb1 b5 19. f4 Nb6 20. Rc1 Nc4 21. e4 b4
22. e5 Be7 23. cxb4 axb4 24. Rxc4 Qa5 25. Rcc1 Qxa2+ 26. Kc2 c5 27. Ra1 b3+ 28.
Kc3 cxd4+ 29. Kxd4 Qxa1 30. Rxa1 Rxa1 31. Qb5 Rc8 32. Qxb3 Rc4+ 33. Kd3 Rb4 34.
Qc3 Ra2 35. Bxd5 exd5 36. Qc8+ Bf8 37. e6 Rb3+ 38. Kd4 Ra4+ 39. Ke5 Re3+ 40.
Kf5 Rxe6 41. g5 h5 42. gxh6 Rxh6 43. Bg1 Rf6+ 44. Ke5 Raxf4 45. Kxd5 R6f5+ 0-1

[Event "GBR-ch77"]
[Site "Eastbourne"]
[Date "1990.07.31"]
[Round "2.4"]
[White "Norwood, David"]
[Black "McDonald, Neil R"]
[Result "1-0"]
[WhiteElo "2515"]
[BlackElo "2350"]
[PlyCount "91"]
[EventDate "1990.07.30"]
[EventType "swiss"]
[EventRounds "11"]
[EventCountry "GBR"]
[SourceTitle "BritBase"]

1. g3 g6 2. Bg2 Bg7 3. e4 c5 4. Nc3 d6 5. d3 Nf6 6. h3 Nc6 7. Nf3 O-O 8. O-O
Rb8 9. a4 a6 10. Be3 b5 11. axb5 axb5 12. Qd2 b4 13. Nd5 Nxd5 14. exd5 Nd4 15.
Nxd4 cxd4 16. Bh6 b3 17. Bxg7 Kxg7 18. Qf4 bxc2 19. Qxd4+ Kg8 20. Rfc1 Qb6 21.
Qxb6 Rxb6 22. Rxc2 Bf5 23. Ra7 Re8 24. g4 Bxd3 25. Rc3 Bb1 26. b3 g5 27. Bf1
Kf8 28. Re3 Kg7 29. Bc4 Bc2 30. Kf1 Kf6 31. Ke2 Bg6 32. Rf3+ Kg7 33. Kd2 h5 34.
Kc3 Rbb8 35. Re3 Kf6 36. Rd7 hxg4 37. hxg4 Ra8 38. f3 Ra1 39. Rxd6+ Kg7 40. Rb6
Rc1+ 41. Kb4 Kf8 42. Rb7 f6 43. Bb5 Rd8 44. Rexe7 Rxd5 45. Bc4 Rd6 46. Kc5 1-0

[Event "GBR-ch77"]
[Site "Eastbourne"]
[Date "1990.07.31"]
[Round "2.5"]
[White "Knox, Victor W"]
[Black "Mestel, A Jonathan"]
[Result "0-1"]
[WhiteElo "2335"]
[BlackElo "2505"]
[PlyCount "44"]
[EventDate "1990.07.30"]
[EventType "swiss"]
[EventRounds "11"]
[EventCountry "GBR"]
[SourceTitle "BritBase"]

1. e4 c5 2. Nf3 d6 3. d4 cxd4 4. Nxd4 Nf6 5. Nc3 g6 6. Be3 Bg7 7. f3 O-O 8. Qd2
Nc6 9. Bc4 Bd7 10. O-O-O Rc8 11. Bb3 Ne5 12. h4 Nc4 13. Bxc4 Rxc4 14. h5 Nxh5
15. Nde2 Qa5 16. g4 Ng3 17. Nxg3 Bxc3 18. Qh2 Bxb2+ 19. Kxb2 Qb4+ 20. Kc1 Qa3+
21. Kd2 Rxc2+ 22. Kxc2 Qxa2+ 0-1

[Event "GBR-ch77"]
[Site "Eastbourne"]
[Date "1990.07.31"]
[Round "2.6"]
[White "Watson, William N"]
[Black "Findlay, Ian T"]
[Result "1-0"]
[WhiteElo "2495"]
[BlackElo "2340"]
[PlyCount "93"]
[EventDate "1990.07.30"]
[EventType "swiss"]
[EventRounds "11"]
[EventCountry "GBR"]
[SourceTitle "BritBase"]

1. e4 c5 2. Nf3 d6 3. d4 cxd4 4. Nxd4 Nf6 5. Nc3 g6 6. Bc4 Bg7 7. O-O O-O 8.
Be3 Nc6 9. h3 Bd7 10. Re1 Rc8 11. Bb3 a6 12. Qd2 b5 13. Rad1 b4 14. Nd5 Nxd5
15. exd5 Nxd4 16. Bxd4 Bxd4 17. Qxd4 a5 18. Bc4 Re8 19. Re3 Qc7 20. b3 e5 21.
dxe6 Bxe6 22. Rde1 Qd7 23. Bd3 Qc6 24. h4 Qc5 25. Qf6 Qc3 26. Qf4 Qc5 27. Bc4
d5 28. Bd3 Qc7 29. Re5 Kg7 30. Qd4 Qc3 31. Qf4 Bd7 32. h5 Qxe1+ 33. Rxe1 Rxe1+
34. Kh2 Re6 35. h6+ Kf8 36. Qd4 Rcc6 37. Qxd5 Ke7 38. Qxa5 Rb6 39. g4 f6 40.
Qa8 Kd6 41. Qh8 Re7 42. Qxf6+ Re6 43. Qd4+ Kc7 44. g5 Rbd6 45. Qxb4 Bc6 46. Qc3
Kb6 47. a4 1-0